000 00490nam a22001937a 4500
003 MPLRDC
005 20220104124417.0
008 210129b ||||| |||| 00| 0 eng d
020 _a978-986-175-120-7
082 _a192.1 TOL-7
100 _aECKHART TOLLE
245 _a一个新世界
_c张德芬 译
250 _a初版
260 _a台湾
_b方智出版社股份有限公司
_c2008
300 _b286
490 _a新时代: 132
650 _a修身
942 _cBK
_o192.1 TOL-7
999 _c19112
_d19102